How I Met Your Mother Quiz (hard) - Statistics

General Stats
  • This quiz has been taken 740 times
    726 since last reset
  • The average score is 11 of 15
Answer Stats
Hint Answer % Correct
How many dogs did robin have at the beginning of the show 5
98%
Who says “Daddy's Home" Barney
96%
What do the refer to weed as in the show Sandwich
92%
What did Ted and Barney want to call their bar Puzzles
91%
What year is Ted telling the stories in 2030
90%
Who is always putting drinks in Lily's hand at robins wedding Linus
86%
Where does Barney work for most of the show GNB
84%
Who is the second oldest in the gang Ted
83%
What is the game the gang plays while driving places (dog) Zitch dog
74%
What color is the kangaroo Ted purposes to Stella with Orange
72%
Where does Ted purpose to his wife A lighthouse
68%
Who did Stella leave Ted for Tony
63%
What did Ted get Marshall and lily for there wedding A coffee maker
57%
Who's the bouncer at the gangs favourite bar Doug
30%
What's barneys half brothers name JJ
19%
No matching quizzes found
Score Distribution
Percent of People with Each Score
Percentile by Number Answered
Your Score History
You have not taken this quiz since the last reset